Administración de empresas agropecuarias /
Guardado en:
| Autor Principal: | |
|---|---|
| Formato: | Libro |
| Publicado: |
Montevideo :
Hemisferio Sur,
2001
|
| Materias: | |
| Etiquetas: |
Agregar Etiqueta
Sin Etiquetas, Sea el primero en etiquetar este registro!
|
| LEADER | 00783nam a22001935a 4500 | ||
|---|---|---|---|
| 001 | CEM.cems017240 | ||
| 005 | 20120312151419.0 | ||
| 008 | 130507s2001##################000#0#####d | ||
| 003 | CEMS | ||
| 020 | |a 9974645220 | ||
| 082 | 0 | 4 | |a 658 |
| 100 | 1 | |a Pagés, Walter Hugo | |
| 245 | 1 | 0 | |a Administración de empresas agropecuarias / |c Walter Hugo Pagés |
| 260 | |a Montevideo : |b Hemisferio Sur, |c 2001 | ||
| 300 | |a 312 p. | ||
| 505 | 0 | |a Factores de la producción -- Tecnología de la producción -- Contabilidad agropecuaria -- Gestión económica -- Gestión financiera -- Legislación laboral y previsional -- Legislación tributaria -- Sociedades y contratos | |
| 653 | |a Economía agropecuaria | ||
| 653 | |a Empresas agropecuarias | ||
| 859 | |a CEMS |b BIB. CEMS - Agricultura |h 658 |i P147 |p A0987.09 |t Ej.1 | ||
